000 00966nas a2200325 4500
001 BR2010004225
003 BR-BrBNA
005 20231205114709.0
007 ta
008 230509b bl.|||p| |||| 00| 00por d
040 _aBR-BrBNA
_bpor
_cBiblioteca Nacional de Agricultura
041 _a(Pt)
072 _aQ04; L50
100 1 _aFaria, P.B.
100 1 _aBressan, M.C.
100 1 _aSouza, X.R. de
100 1 _aRodrigues, E.C.
100 1 _aCardoso, G.P.
100 1 _aGama, L.T. da
245 1 _aComposição proximal e qualidade da carne de frangos das linhagens Paraíso Pedrês e Pescoço Pelado
650 _aCARNE
650 _aFRANGO
650 _aPROPRIEDADE FÍSICO-QUÍMICA
650 _aCOR
650 _aCORTE
650 _aLINHAGEM
773 0 _tRevista Brasileira de Zootecnia (Brazil)
_xISSN 1516-3598
_g(Dec 2009), v. 38(12) p. 2455-2464
_wBR2010004225
909 _a202311
_bLúcia
_c55
_dLúcia Elande
942 _2AGRIS
_n0
_cANA
999 _c210013
_d210013